| 000 | 01050 a2200181 4500 | ||
|---|---|---|---|
| 003 | Nust | ||
| 005 | 20220817092923.0 | ||
| 020 | _a0471502758 | ||
| 040 | _cNust | ||
| 082 | _a621.382,MEY | ||
| 245 |
_aDigital communication receivers : _bsynchronization, channel estimation and signal processing / _cHeinrich Meyr, |
||
| 260 |
_aNewYork _bWiley interscience publications _c1998 |
||
| 300 | _a827p | ||
| 440 |
_awiley series telecommunications and signal processing _997529 |
||
| 505 | _aIntroduction (Page-1), Basic material (Page-9), Baseband communications (Page-61), Passband communication over time invariant channels (Page-211), Synthesis of synchronization algorithms (Page-271), Performance analysis of synchronizers (Page-325), Bit error rate degradation caused by random tracking errors (Page-419), Frequency estimation (Page-445), Timing adjustment by interpolation (Page-505), DSP system implementation (Page-533), Part E Communication over fadding channels (Page-581). | ||
| 650 | _aTelecommunication Engineering. | ||
| 942 |
_cREF _2ddc |
||
| 999 |
_c212442 _d212442 |
||